[Event "Titled Tuesday intern op 02nd Apr Late"]
[Site "Chess.com INT"]
[Date "2024.04.02"]
[Round "2"]
[White "Palacio, Igor Da Paz"]
[Black "Balla, Tamas Kristof"]
[Result "0-1"]
[WhiteElo "2172"]
[BlackElo "2291"]
[PlyCount "64"]
[EventDate "2024.04.02"]
[EventType "swiss (blitz)"]
[EventRounds "11"]
[EventCountry "USA"]
[SourceTitle "CB15_2024"]
[SourceDate "2024.04.10"]
[SourceVersion "1"]
[SourceVersionDate "2024.04.10"]
[SourceQuality "1"]

1. e4 c5 2. Nc3 Nc6 3. g3 g6 4. Bg2 Bg7 5. d3 e6 6. Be3 d6 7. f4 Nge7 8. Nf3 0-0 9. 0-0 Rb8 10. Rb1 b5 11. a3 a5 12. Ne2 b4 13. axb4 axb4 14. c3 Ba6 15. c4 b3 16. Nd2 Qb6 17. Nc1 Na5 18. Bf3 d5 19. exd5 exd5 20. cxd5 Rfd8 21. Ne4 Nxd5 22. Bxc5 Qb5 23. Re1 Nb4 24. d4 Nc2 25. Be2 Qc6 26. Bxa6 Nxe1 27. Qxe1 Qxa6 28. Ra1 Bxd4+ 29. Bxd4 Rxd4 30. Rxa5 Rxe4 31. Qxe4 Qxa5 32. Nd3 Rd8 0-1

[Event "Titled Tuesday intern op 02nd Apr Late"]
[Site "Chess.com INT"]
[Date "2024.04.02"]
[Round "5"]
[White "Palacio, Igor Da Paz"]
[Black "Dias, Simao Poscidonio"]
[Result "0-1"]
[WhiteElo "2172"]
[BlackElo "2068"]
[PlyCount "76"]
[EventDate "2024.04.02"]
[EventType "swiss (blitz)"]
[EventRounds "11"]
[EventCountry "USA"]
[SourceTitle "CB15_2024"]
[SourceDate "2024.04.10"]
[SourceVersion "1"]
[SourceVersionDate "2024.04.10"]
[SourceQuality "1"]

1. e4 c5 2. Nc3 g6 3. g3 Nc6 4. Bg2 Bg7 5. d3 Nf6 6. f4 0-0 7. Nf3 e6 8. e5 Ng4 9. h3 Nh6 10. Be3 d6 11. exd6 Qxd6 12. Ne4 Qc7 13. Bxc5 Rd8 14. c3 e5 15. 0-0 exf4 16. gxf4 Nf5 17. Qd2 b6 18. Bf2 Bb7 19. Rae1 Rd7 20. d4 Rad8 21. Qc2 Na5 22. Ne5 Re7 23. Kh1 Nc4 24. Nxc4 Qxc4 25. Nd2 Bxg2+ 26. Kxg2 Qd5+ 27. Kh2 Rde8 28. Rxe7 Rxe7 29. c4 Qd6 30. Bg1 Nxd4 31. Qd3 Qf6 32. Rf2 Rd7 33. b3 Qc6 34. Ne4 f5 35. Ng5 h6 36. Rd2 hxg5 37. Bxd4 gxf4 38. Qc3 Bf8 0-1

[Event "Titled Tuesday intern op 22nd Aug Early"]
[Site "Chess.com INT"]
[Date "2023.08.22"]
[Round "8"]
[White "Palacio, Igor Da Paz"]
[Black "Hartikainen, Jarmo"]
[Result "0-1"]
[WhiteElo "2172"]
[BlackElo "2108"]
[PlyCount "180"]
[EventDate "2023.08.22"]
[EventType "swiss (blitz)"]
[EventRounds "11"]
[EventCountry "USA"]
[SourceTitle "EXT 2024"]
[Source "ChessBase"]
[SourceDate "2023.10.10"]
[SourceVersion "1"]
[SourceVersionDate "2023.10.10"]
[SourceQuality "1"]

1. e4 c5 2. Nc3 Nc6 3. g3 g6 4. Bg2 Bg7 5. d3 e6 6. Be3 b6 7. f4 Bb7 8. Nf3 d6 9. 0-0 Nge7 10. Rb1 0-0 11. h3 f5 12. Re1 h6 13. Nh4 Kh7 14. Bf2 Qd7 15. exf5 gxf5 16. Qh5 Nd4 17. Bxb7 Qxb7 18. Bxd4 Bxd4+ 19. Kh2 Bxc3 20. bxc3 Rf6 21. c4 Raf8 22. Re2 Ng6 23. Rbe1 Nxh4 24. Qxh4 Qf7 25. Re3 Kg7 26. a3 Re8 27. R1e2 Qb7 28. Qh5 Rg6 29. Qf3 Qxf3 30. Rxf3 Kf7 31. Rfe3 Re7 32. Kg2 Rg8 33. Kf2 Rge8 34. Re1 e5 35. Kf3 Kf6 36. R3e2 h5 37. Re3 Re6 38. R3e2 R6e7 39. Re3 Re6 40. R1e2 R6e7 41. a4 Re6 42. Re1 R6e7 43. h4 Re6 44. a5 R6e7 45. axb6 axb6 46. fxe5+ dxe5 47. Rb1 Rb7 48. Rb2 Reb8 49. Re1 b5 50. Reb1 b4 51. Ra1 Rb6 52. Ra5 Rc8 53. Rba2 Ke6 54. Ra6 Rcc6 55. Rxb6 Rxb6 56. Ra7 Kf6 57. Rh7 Kg6 58. Rc7 b3 59. cxb3 Rxb3 60. Ke3 e4 61. Rc6+ Kg7 62. Rd6 Rc3 63. Ke2 exd3+ 64. Rxd3 Rxc4 65. Rd6 f4 66. gxf4 Rxf4 67. Rc6 c4 68. Ke3 Rxh4 69. Kf3 Kf7 70. Kg3 Rg4+ 71. Kh3 Ke7 72. Rc5 Kd6 73. Rxh5 Rd4 74. Kg2 Rd5 75. Rh6+ Kc5 76. Kf1 Re5 77. Rh8 Kd4 78. Rh4+ Kc3 79. Rh3+ Kb2 80. Rh2+ Kb3 81. Rh8 c3 82. Rb8+ Kc2 83. Kf2 Kd2 84. Rd8+ Kc1 85. Rc8 c2 86. Kf3 Kb2 87. Rb8+ Kc3 88. Rc8+ Kb3 89. Rb8+ Kc4 90. Rc8+ Rc5 0-1

[Event "Titled Tuesday intern op 22nd Aug Late"]
[Site "Chess.com INT"]
[Date "2023.08.22"]
[Round "2"]
[White "Seletsky, Grigory"]
[Black "Palacio, Igor Da Paz"]
[Result "1-0"]
[WhiteElo "2220"]
[BlackElo "2172"]
[PlyCount "39"]
[EventDate "2023.08.22"]
[EventType "swiss (blitz)"]
[EventRounds "11"]
[EventCountry "USA"]
[SourceTitle "EXT 2024"]
[Source "ChessBase"]
[SourceDate "2023.10.10"]
[SourceVersion "1"]
[SourceVersionDate "2023.10.10"]
[SourceQuality "1"]

1. b3 b6 2. Bb2 Bb7 3. Nf3 Nf6 4. e3 g6 5. Bxf6 exf6 6. d4 Bg7 7. g3 f5 8. Bg2 0-0 9. 0-0 Re8 10. c3 d6 11. Nbd2 Nd7 12. b4 a5 13. b5 Nf6 14. a4 Ne4 15. Rc1 Nxd2 16. Nxd2 Bxg2 17. Kxg2 Qd7 18. c4 h6 19. Qf3 Re7 20. Qxa8+ 1-0

[Event "Titled Tuesday intern op 22nd Aug Late"]
[Site "Chess.com INT"]
[Date "2023.08.22"]
[Round "1"]
[White "Willy, Stephen"]
[Black "Palacio, Igor Da Paz"]
[Result "1-0"]
[WhiteElo "2072"]
[BlackElo "2172"]
[PlyCount "45"]
[EventDate "2023.08.22"]
[EventType "swiss (blitz)"]
[EventRounds "11"]
[EventCountry "USA"]
[SourceTitle "EXT 2024"]
[Source "ChessBase"]
[SourceDate "2023.10.10"]
[SourceVersion "1"]
[SourceVersionDate "2023.10.10"]
[SourceQuality "1"]

1. e4 d6 2. d4 Nf6 3. Nc3 g6 4. f4 Bg7 5. Nf3 0-0 6. Be3 b6 7. h3 Bb7 8. e5 Nd5 9. Nxd5 Bxd5 10. h4 h5 11. Bd3 c5 12. c4 cxd4 13. cxd5 dxe3 14. e6 Bxb2 15. Rb1 Bc3+ 16. Ke2 Kg7 17. exf7 Rxf7 18. Ng5 Qd7 19. Ne6+ Kh6 20. Qc2 Bd4 21. Bxg6 Rf6 22. Bxh5 Na6 23. g4 1-0

[Event "Titled Tuesday intern op 01st Aug Early"]
[Site "Chess.com INT"]
[Date "2023.08.01"]
[Round "4"]
[White "Palacio, Igor Da Paz"]
[Black "Ladan, Nicholas John"]
[Result "0-1"]
[WhiteElo "2172"]
[BlackElo "2218"]
[PlyCount "72"]
[EventDate "2023.08.01"]
[EventType "swiss (blitz)"]
[EventRounds "11"]
[EventCountry "USA"]
[SourceTitle "EXT 2024"]
[Source "ChessBase"]
[SourceDate "2023.10.10"]
[SourceVersion "1"]
[SourceVersionDate "2023.10.10"]
[SourceQuality "1"]

1. e4 b6 2. d4 Bb7 3. Nc3 Nf6 4. Bd3 e6 5. Nf3 Bb4 6. Qe2 d5 7. exd5 Nxd5 8. Bd2 Bxc3 9. bxc3 Qf6 10. Bg5 Nf4 11. Bxf6 Nxe2 12. Bxg7 Rg8 13. Kxe2 Rxg7 14. g3 Nd7 15. Rhe1 0-0-0 16. Nd2 Nf6 17. Rab1 Nd5 18. Rb3 a5 19. c4 Nb4 20. c3 Nxd3 21. Kxd3 Ba6 22. f4 h5 23. Re3 h4 24. Rb1 hxg3 25. hxg3 Rh8 26. Rbe1 Kd7 27. Nf3 Ke7 28. Ng5 Kf6 29. Re5 Rh2 30. R1e2 Rh1 31. Re1 Rh2 32. R5e2 Rh5 33. Re5 Rh8 34. R5e4 c6 35. Re5 Rgg8 36. a4 Rb8 0-1

[Event "Titled Tuesday intern op 18th Jul Early"]
[Site "Chess.com INT"]
[Date "2023.07.18"]
[Round "3"]
[White "Mejia, Cherry Ann"]
[Black "Palacio, Igor Da Paz"]
[Result "1-0"]
[WhiteElo "1919"]
[BlackElo "2172"]
[PlyCount "59"]
[EventDate "2023.07.18"]
[EventType "swiss (blitz)"]
[EventRounds "11"]
[EventCountry "USA"]
[SourceTitle "EXT 2024"]
[Source "ChessBase"]
[SourceDate "2023.10.10"]
[SourceVersion "1"]
[SourceVersionDate "2023.10.10"]
[SourceQuality "1"]

1. e4 Nf6 2. e5 Nd5 3. c4 Nb6 4. d4 d6 5. exd6 exd6 6. Nc3 Be7 7. Bd3 0-0 8. Nge2 Re8 9. 0-0 Bg4 10. f3 Bh5 11. Nf4 Bg6 12. Nxg6 hxg6 13. Be3 Nc6 14. b3 Bf6 15. Bf2 Nxd4 16. Bxg6 Nxf3+ 17. Qxf3 fxg6 18. Rad1 Rf8 19. Nd5 Nxd5 20. Qxd5+ Kh7 21. Rd3 g5 22. Rh3+ Kg6 23. Qxb7 Re8 24. Qd5 Re5 25. Qd3+ Kf7 26. Bd4 Re6 27. Rhf3 Qe7 28. Bxf6 gxf6 29. Qh7+ Ke8 30. Qg8+ 1-0

[Event "Titled Tuesday intern op 11th Jul Early"]
[Site "Chess.com INT"]
[Date "2023.07.11"]
[Round "5"]
[White "Hrescak, Ivana"]
[Black "Palacio, Igor Da Paz"]
[Result "1-0"]
[WhiteElo "2117"]
[BlackElo "2172"]
[PlyCount "51"]
[EventDate "2023.07.11"]
[EventType "swiss (blitz)"]
[EventRounds "11"]
[EventCountry "USA"]
[SourceTitle "EXT 2024"]
[Source "ChessBase"]
[SourceDate "2023.10.10"]
[SourceVersion "1"]
[SourceVersionDate "2023.10.10"]
[SourceQuality "1"]

1. e4 d6 2. d4 Nf6 3. Nc3 g6 4. Be3 c6 5. f3 b5 6. Qd2 Nbd7 7. h4 h5 8. 0-0-0 Qc7 9. Kb1 a6 10. Nh3 Nb6 11. Ng5 b4 12. Ne2 Nc4 13. Qc1 Nxe3 14. Qxe3 Bh6 15. Nf4 Nh7 16. e5 Nxg5 17. hxg5 Bxg5 18. g3 dxe5 19. dxe5 Bxf4 20. Qxf4 Be6 21. g4 a5 22. gxh5 Rxh5 23. Rxh5 gxh5 24. Qg5 Bd5 25. Qg8+ Kd7 26. Qxa8 1-0

[Event "Titled Tuesday intern op 11th Jul Early"]
[Site "Chess.com INT"]
[Date "2023.07.11"]
[Round "9"]
[White "Monpeurt, Cyrielle"]
[Black "Palacio, Igor Da Paz"]
[Result "1-0"]
[WhiteElo "2162"]
[BlackElo "2172"]
[PlyCount "43"]
[EventDate "2023.07.11"]
[EventType "swiss (blitz)"]
[EventRounds "11"]
[EventCountry "USA"]
[SourceTitle "EXT 2024"]
[Source "ChessBase"]
[SourceDate "2023.10.10"]
[SourceVersion "1"]
[SourceVersionDate "2023.10.10"]
[SourceQuality "1"]

1. e4 c5 2. Nf3 d6 3. d4 cxd4 4. Nxd4 Nf6 5. Nc3 a6 6. Bg5 Nbd7 7. Qf3 e5 8. Nf5 h6 9. Bh4 g5 10. Bg3 Nc5 11. 0-0-0 Qc7 12. Bc4 Be6 13. Bd5 h5 14. Nxd6+ Bxd6 15. Qxf6 Rg8 16. Bxe6 fxe6 17. Na4 Nxa4 18. Qxe6+ Kf8 19. Rxd6 Re8 20. Qf5+ Kg7 21. Qxg5+ Kf7 22. Qf6# 1-0

[Event "Titled Tuesday intern op 20th Jun Late"]
[Site "Chess.com INT"]
[Date "2023.06.20"]
[Round "6"]
[White "Palacio, Igor Da Paz"]
[Black "Aalto, Patrik"]
[Result "0-1"]
[WhiteElo "2172"]
[BlackElo "2226"]
[PlyCount "154"]
[EventDate "2023.06.20"]
[EventType "swiss (blitz)"]
[EventRounds "11"]
[EventCountry "USA"]
[SourceTitle "EXT 2024"]
[Source "ChessBase"]
[SourceDate "2023.10.10"]
[SourceVersion "1"]
[SourceVersionDate "2023.10.10"]
[SourceQuality "1"]

1. e4 c5 2. Nc3 a6 3. g3 b5 4. Bg2 Bb7 5. d3 e6 6. Nf3 Nf6 7. 0-0 d5 8. exd5 Nxd5 9. Bd2 Be7 10. Re1 0-0 11. Ne4 Nd7 12. a3 N7f6 13. Nfg5 h6 14. Nf3 Qb6 15. Ne5 Rad8 16. Qe2 Ba8 17. Rad1 Qc7 18. Nf3 Bb7 19. Bc1 Qb6 20. h3 a5 21. Kh2 a4 22. Nfd2 Nxe4 23. Nxe4 Nf6 24. Nxf6+ Bxf6 25. Bxb7 Qxb7 26. Qe4 Qxe4 27. dxe4 Bd4 28. Kg2 b4 29. f4 bxa3 30. bxa3 Bc3 31. Rf1 c4 32. Kf3 Rb8 33. Ke2 Rb1 34. Rd7 Ra1 35. Rc7 Ra2 36. Rxc4 Bb2 37. Bxb2 Rxb2 38. Kd3 Rd8+ 39. Kc3 Ra2 40. Rxa4 Rc8+ 41. Kb3 Rcxc2 42. Rb4 Rcb2+ 43. Ka4 Re2 44. Rf3 Rh2 45. h4 Rhc2 46. e5 Rc8 47. Rfb3 Kh7 48. Kb5 Rb8+ 49. Ka4 Ra8+ 50. Kb5 R2xa3 51. Rxa3 Rxa3 52. g4 Rg3 53. g5 Rg4 54. gxh6 Kxh6 55. f5 Rxb4+ 56. Kxb4 exf5 57. Kc5 Kh5 58. Kd6 f4 59. Ke7 Kg6 60. h5+ Kxh5 61. Kxf7 f3 62. e6 f2 63. e7 f1Q+ 64. Kxg7 Qg2+ 65. Kf8 Qf3+ 66. Kg7 Qg4+ 67. Kf8 Qf5+ 68. Kg7 Qe6 69. Kf8 Qf6+ 70. Ke8 Kg6 71. Kd7 Qf7 72. Kd8 Qd5+ 73. Kc7 Qe6 74. Kd8 Qd6+ 75. Ke8 Kf6 76. Kf8 Qxe7+ 77. Kg8 Qg7# 0-1

[Event "Titled Tuesday intern op 06th Jun Early"]
[Site "Chess.com INT"]
[Date "2023.06.06"]
[Round "6"]
[White "Balla, Tamas Kristof"]
[Black "Palacio, Igor Da Paz"]
[Result "1-0"]
[WhiteElo "2303"]
[BlackElo "2172"]
[PlyCount "83"]
[EventDate "2023.06.06"]
[EventType "swiss (blitz)"]
[EventRounds "11"]
[EventCountry "USA"]
[SourceTitle "EXT 2024"]
[Source "ChessBase"]
[SourceDate "2023.10.10"]
[SourceVersion "1"]
[SourceVersionDate "2023.10.10"]
[SourceQuality "1"]

1. e4 c5 2. Nf3 d6 3. d4 cxd4 4. Qxd4 Bd7 5. c4 Nc6 6. Qe3 Nf6 7. h3 e6 8. Nc3 Be7 9. Be2 0-0 10. 0-0 a6 11. Rd1 Qc7 12. b3 Rfd8 13. Bb2 Rac8 14. Rac1 Qb8 15. a3 Na5 16. Na2 b5 17. cxb5 Bxb5 18. Rxc8 Rxc8 19. Nb4 Bxe2 20. Qxe2 Nxb3 21. Nxa6 Qb7 22. e5 dxe5 23. Nxe5 h6 24. Nb4 Nc5 25. Ng4 Ncd7 26. Nd3 Nxg4 27. Qxg4 Bf6 28. Bxf6 Nxf6 29. Qg3 Qb3 30. Qf3 Rc3 31. Qe2 Qxa3 32. Ne5 Rc1 33. Nf3 Qa1 34. Rxc1 Qxc1+ 35. Kh2 Qc7+ 36. g3 Qc6 37. Ne5 Qe4 38. Qb2 Qf5 39. Nc4 Nd5 40. Nd6 Qf3 41. Ne8 Qf5 42. Qxg7# 1-0

[Event "Titled Tuesday intern op 30th May Late"]
[Site "Chess.com INT"]
[Date "2023.05.30"]
[Round "4"]
[White "Szente Varga, Fruzsina"]
[Black "Palacio, Igor Da Paz"]
[Result "1-0"]
[WhiteElo "2075"]
[BlackElo "2172"]
[PlyCount "83"]
[EventDate "2023.05.30"]
[EventType "swiss (blitz)"]
[EventRounds "11"]
[EventCountry "USA"]
[SourceTitle "CBM 214 Extra"]
[Source "ChessBase"]
[SourceDate "2023.07.31"]
[SourceVersion "1"]
[SourceVersionDate "2023.07.31"]
[SourceQuality "1"]

1. e4 d6 2. d4 Nf6 3. Nc3 g6 4. f3 c6 5. Be3 b5 6. Qd2 Nbd7 7. 0-0-0 Qa5 8. Kb1 b4 9. Nce2 Rb8 10. Nc1 Ba6 11. Bxa6 Qxa6 12. h4 h5 13. Nge2 Bg7 14. Rdg1 Qa4 15. g4 Nb6 16. Qd3 Qb5 17. gxh5 Nxh5 18. Qxb5 cxb5 19. Nd3 a5 20. Nef4 Nc4 21. Nxh5 Rxh5 22. Bc1 Bxd4 23. Re1 Kd7 24. Nf4 Rh7 25. h5 Rbh8 26. h6 e6 27. Nh3 Ne5 28. Ng5 Rxh6 29. Rxh6 Rxh6 30. Nxe6 Kxe6 31. Bxh6 Nxf3 32. Rd1 Be5 33. Rd5 g5 34. Rxb5 Nd2+ 35. Kc1 Nxe4 36. Rxa5 g4 37. Rb5 f5 38. Rxb4 g3 39. Be3 g2 40. Bg1 d5 41. a4 f4 42. Rb3 1-0

[Event "Titled Tuesday intern op 23rd May Late"]
[Site "Chess.com INT"]
[Date "2023.05.23"]
[Round "2"]
[White "Stork, Oliver"]
[Black "Palacio, Igor Da Paz"]
[Result "0-1"]
[WhiteElo "2342"]
[BlackElo "2172"]
[PlyCount "184"]
[EventDate "2023.05.23"]
[EventType "swiss (blitz)"]
[EventRounds "11"]
[EventCountry "USA"]
[SourceTitle "EXT 2024"]
[Source "ChessBase"]
[SourceDate "2023.10.10"]
[SourceVersion "1"]
[SourceVersionDate "2023.10.10"]
[SourceQuality "1"]

1. c4 Nf6 2. Nc3 c5 3. e4 d6 4. Nf3 Nc6 5. d4 Bg4 6. d5 Nd4 7. Be2 Bxf3 8. Bxf3 g6 9. Be3 Nxf3+ 10. Qxf3 Bg7 11. h4 h5 12. 0-0 Ng4 13. Bf4 Ne5 14. Qe2 0-0 15. Bxe5 Bxe5 16. f4 Bd4+ 17. Kh1 e6 18. g3 Kg7 19. Qf3 Qf6 20. Rae1 Bxc3 21. bxc3 Rae8 22. Qd3 b6 23. e5 Qf5 24. Qxf5 exf5 25. exd6 Rd8 26. Re7 Rxd6 27. Rfe1 a6 28. Ra7 b5 29. cxb5 axb5 30. Re5 b4 31. cxb4 cxb4 32. Rb7 Rfd8 33. Rxb4 Rxd5 34. Rxd5 Rxd5 35. Rb1 Rd2 36. Ra1 Rd4 37. a4 Rd6 38. a5 Ra6 39. Kg2 Kf6 40. Kf3 Ke6 41. Ke3 Kd5 42. Kd3 Kc5 43. Ra2 Rd6+ 44. Kc3 Ra6 45. Kd3 Rd6+ 46. Ke3 Re6+ 47. Kf3 Ra6 48. Ke3 Re6+ 49. Kd2 Rd6+ 50. Kc3 Ra6 51. Ra4 Kb5 52. Rb4+ Kc5 53. Rb7 Rxa5 54. Rxf7 Ra3+ 55. Kc2 Rxg3 56. Rf6 Rg4 57. Kd3 Rg3+ 58. Ke2 Kd4 59. Kf2 Rg4 60. Kf3 Kd5 61. Ra6 Kd4 62. Ra4+ Kd5 63. Ra5+ Ke6 64. Ra6+ Kf7 65. Ra7+ Kf6 66. Ra6+ Kg7 67. Ra7+ Kh6 68. Rb7 Rxh4 69. Ra7 Rh3+ 70. Kg2 Rd3 71. Ra6 h4 72. Ra7 Kh5 73. Rh7+ Kg4 74. Ra7 Kxf4 75. Ra4+ Kg5 76. Rb4 f4 77. Ra4 Kg4 78. Rb4 Rd2+ 79. Kg1 g5 80. Ra4 Kg3 81. Ra3+ f3 82. Ra1 Rg2+ 83. Kh1 Rh2+ 84. Kg1 f2+ 85. Kf1 Rh1+ 86. Ke2 Rxa1 87. Ke3 f1Q 88. Ke4 Re1+ 89. Kd5 Re2 90. Kc5 Qd1 91. Kb5 Rc2 92. Kb4 Qb1+ 0-1

[Event "Titled Tuesday intern op 16th May Late"]
[Site "Chess.com INT"]
[Date "2023.05.16"]
[Round "1"]
[White "Palacio, Igor Da Paz"]
[Black "Ismagilov, Damir"]
[Result "0-1"]
[WhiteElo "2172"]
[BlackElo "2156"]
[PlyCount "72"]
[EventDate "2023.05.16"]
[EventType "swiss (blitz)"]
[EventRounds "11"]
[EventCountry "USA"]
[SourceTitle "CBM 214 Extra"]
[Source "ChessBase"]
[SourceDate "2023.07.31"]
[SourceVersion "1"]
[SourceVersionDate "2023.07.31"]
[SourceQuality "1"]

1. e4 g6 2. d3 Bg7 3. g3 b6 4. Bg2 Bb7 5. Nf3 d6 6. 0-0 Nf6 7. Re1 0-0 8. Nbd2 Nbd7 9. c3 c5 10. a3 e5 11. b4 a5 12. b5 d5 13. Qc2 c4 14. dxc4 dxe4 15. Ng5 Nc5 16. Ndxe4 Qc7 17. Nxc5 bxc5 18. Ne4 Nxe4 19. Bxe4 f5 20. Bd5+ Kh8 21. a4 Rad8 22. Rd1 Rd7 23. Ba3 Bxd5 24. cxd5 e4 25. Rab1 Rfd8 26. c4 Bd4 27. Bb2 Kg8 28. Bxd4 cxd4 29. Rxd4 Qc5 30. Qb2 Re7 31. Re1 Rde8 32. Re3 g5 33. Qc3 f4 34. Re1 f3 35. Re3 Qc8 36. Qc2 Qh3 0-1

[Event "Titled Tuesday intern op 16th May Late"]
[Site "Chess.com INT"]
[Date "2023.05.16"]
[Round "2"]
[White "Palacio, Igor Da Paz"]
[Black "Shapiro, Viktor"]
[Result "1-0"]
[WhiteElo "2172"]
[BlackElo "2192"]
[PlyCount "129"]
[EventDate "2023.05.16"]
[EventType "swiss (blitz)"]
[EventRounds "11"]
[EventCountry "USA"]
[SourceTitle "CBM 214 Extra"]
[Source "ChessBase"]
[SourceDate "2023.07.31"]
[SourceVersion "1"]
[SourceVersionDate "2023.07.31"]
[SourceQuality "1"]

1. e4 Nf6 2. Nc3 d5 3. exd5 Nxd5 4. Bc4 Nb6 5. Be2 c5 6. Nf3 Nc6 7. 0-0 Bf5 8. Re1 e6 9. Bb5 Be7 10. Ne5 Qc7 11. Nxc6 bxc6 12. Bf1 0-0 13. g3 Rad8 14. Bg2 c4 15. b3 Bf6 16. Bb2 Rd7 17. Be4 Bxe4 18. Rxe4 Rfd8 19. Re2 Qc8 20. Qc1 Qa6 21. b4 Qc8 22. Ne4 Bxb2 23. Qxb2 Rd5 24. a4 Qc7 25. Qc3 Qe5 26. Qxe5 Rxe5 27. Kf1 Nd5 28. c3 f5 29. Nc5 Rxe2 30. Kxe2 Kf7 31. Re1 Nc7 32. Kd1 Rd5 33. Kc2 a5 34. Rb1 Ke7 35. d3 cxd3+ 36. Nxd3 e5 37. Re1 Kd6 38. Nc5 axb4 39. cxb4 e4 40. Kc3 g5 41. h4 h6 42. hxg5 hxg5 43. Rh1 Re5 44. Rh6+ Kd5 45. Rh7 Ne8 46. Rd7+ Nd6 47. Nb7 Re6 48. Rxd6+ Rxd6 49. Nxd6 Kxd6 50. a5 f4 51. gxf4 gxf4 52. Kd4 e3 53. fxe3 f3 54. Kd3 Kd5 55. a6 Kd6 56. e4 Kc7 57. Ke3 Kb6 58. Kxf3 Kxa6 59. e5 Kb6 60. Ke4 Kc7 61. Kf5 Kd7 62. Kf6 Ke8 63. Ke6 Kd8 64. Kd6 Kc8 65. Kxc6 1-0